[Event "9th NATO Chess Championship"]
[Site "Portsmouth"]
[Date "1998.10.08"]
[Round "6"]
[White "Baudin, Frederic"]
[Black "Wagenaar, Harm Theo"]
[Result "1/2-1/2"]
[WhiteElo "2205"]
[BlackElo "1877"]
[PlyCount "29"]
[EventDate "1998.10.??"]
[EventType "swiss"]
[EventRounds "7"]
[EventCountry "ENG"]
[SourceDate "2005.09.12"]

1. e4 d5 2. exd5 Qxd5 3. Nc3 Qa5 4. d4 Nf6 5. Nf3 Bf5 6. Bd2 c6 7. Bc4 e6 8.
Qe2 Bb4 9. O-O-O Nbd7 10. Nh4 Bg6 11. Nxg6 hxg6 12. Kb1 O-O-O 13. a3 Bxc3 14.
Bxc3 Qc7 15. b3 1/2-1/2

[Event "9th NATO Chess Championship"]
[Site "Portsmouth"]
[Date "1998.10.08"]
[Round "6"]
[White "Cappon, Kaan"]
[Black "Stuhr, Finn"]
[Result "1-0"]
[WhiteElo "1690"]
[BlackElo "1687"]
[PlyCount "52"]
[EventDate "1998.10.??"]
[EventType "swiss"]
[EventRounds "7"]
[EventCountry "ENG"]
[SourceDate "2005.09.12"]

1. e4 e5 2. Nf3 Nc6 3. d4 exd4 4. Nxd4 Bc5 5. Be3 Qf6 6. c3 Nge7 7. Bc4 Ne5 8.
Be2 d5 9. Nd2 Qg6 10. Qc2 dxe4 11. Qxe4 Qxe4 12. Nxe4 Bb6 13. O-O-O Bg4 14. f3
Bh5 15. Bf4 Nd7 16. Rhe1 O-O-O 17. Bc4 Bg6 18. Nd6+ cxd6 19. Rxe7 Ne5 20. Nb5
d5 21. Bxd5 Rxd5 22. Rxd5 Nd3+ 23. Rxd3 Bxd3 24. Nd6+ Kd8 25. Rxb7 Rf8 26.
Nxf7+ Kc8 1-0

[Event "9th NATO Chess Championship"]
[Site "Portsmouth"]
[Date "1998.10.08"]
[Round "6"]
[White "Crapulli, Giuseppe"]
[Black "Parnet, Arnaud"]
[Result "0-1"]
[WhiteElo "1900"]
[BlackElo "1990"]
[PlyCount "38"]
[EventDate "1998.10.??"]
[EventType "swiss"]
[EventRounds "7"]
[EventCountry "ENG"]
[SourceDate "2005.09.12"]

1. e4 c6 2. Nc3 d5 3. Nf3 dxe4 4. Nxe4 Nd7 5. Bc4 Ngf6 6. Neg5 e6 7. Qe2 Nb6 8.
Ne5 Nxc4 9. Qxc4 Qa5 10. Nexf7 Qf5 11. f4 h6 12. Nxh8 hxg5 13. Qd3 Ne4 14. fxg5
Qf2+ 15. Kd1 Qxg2 16. Rf1 Nf2+ 17. Rxf2 Qxf2 18. Qg6+ Ke7 19. d4 Qf1+ 0-1

[Event "9th NATO Chess Championship"]
[Site "Portsmouth"]
[Date "1998.10.08"]
[Round "6"]
[White "Engelen, Johan"]
[Black "Lebel, Patrick"]
[Result "0-1"]
[WhiteElo "1847"]
[BlackElo "2165"]
[PlyCount "81"]
[EventDate "1998.10.??"]
[EventType "swiss"]
[EventRounds "7"]
[EventCountry "ENG"]
[SourceDate "2005.09.12"]

1. e4 g6 2. d4 Bg7 3. c4 d6 4. Nc3 Nd7 5. f4 e5 6. fxe5 dxe5 7. d5 f6 8. Be3
Bf8 9. Be2 Nh6 10. Qd2 Nf7 11. Nh3 Bc5 12. Nf2 O-O 13. O-O Qe7 14. Kh1 b6 15.
Bxc5 Nxc5 16. b4 Nb7 17. a3 a5 18. Nb5 Nbd6 19. bxa5 Rxa5 20. Qb4 Ba6 21. Ng4
f5 22. exf5 gxf5 23. Nxd6 Nxd6 24. Ne3 Rc5 25. Rfc1 Qh4 26. Kg1 Qd4 27. Qc3 Re8
28. Kf1 Qh4 29. Kg1 f4 30. Ng4 Bxc4 31. g3 fxg3 32. Qxg3 Qxg3+ 33. hxg3 Bxe2
34. Nf6+ Kf7 35. Nxe8 Rxc1+ 36. Rxc1 Nxe8 37. Re1 Bc4 38. Rxe5 Nd6 39. Kf2 Nb5
40. d6 Nxd6 41. a4 0-1

[Event "9th NATO Chess Championship"]
[Site "Portsmouth"]
[Date "1998.10.08"]
[Round "6"]
[White "Foulds, Andrew"]
[Black "Plumanns, Dieter"]
[Result "0-1"]
[WhiteElo "1760"]
[BlackElo "2206"]
[PlyCount "52"]
[EventDate "1998.10.??"]
[EventType "swiss"]
[EventRounds "7"]
[EventCountry "ENG"]
[SourceDate "2005.09.12"]

1. d4 d5 2. c4 c6 3. Nf3 e6 4. e3 f5 5. Nc3 Nf6 6. Bd3 Bd6 7. Qc2 Ne4 8. Bd2
Qf6 9. cxd5 Nxc3 10. dxc6 Nd5 11. cxb7 Bxb7 12. Bb5+ Kf7 13. Ne5+ Bxe5 14. dxe5
Qxe5 15. Qb3 Nc6 16. O-O Rhd8 17. Rae1 Rab8 18. f4 Qd6 19. Qd1 Kg8 20. Qe2 Ba8
21. b3 Nf6 22. Bc3 Ne4 23. Ba1 Qd2 24. Qc4 Rd6 25. Rc1 Qxe3+ 26. Kh1 Nf2+ 0-1

[Event "9th NATO Chess Championship"]
[Site "Portsmouth"]
[Date "1998.10.08"]
[Round "6"]
[White "Geberl, Hans Walter"]
[Black "Donati, Roberto"]
[Result "1-0"]
[WhiteElo "2100"]
[BlackElo "1900"]
[PlyCount "57"]
[EventDate "1998.10.??"]
[EventType "swiss"]
[EventRounds "7"]
[EventCountry "ENG"]
[SourceDate "2005.09.12"]

1. d4 d5 2. c4 e6 3. Nf3 Nf6 4. g3 Be7 5. Bg2 c6 6. O-O O-O 7. Qc2 Nbd7 8. Bf4
Nh5 9. Nbd2 Nxf4 10. gxf4 Bd6 11. e3 f5 12. Rab1 Rf6 13. b4 Rh6 14. b5 Nf6 15.
bxc6 bxc6 16. cxd5 Ba6 17. dxe6 Bxf1 18. Kxf1 Nd5 19. Ng5 Nc7 20. d5 Qf6 21.
dxc6 Rxh2 22. Nc4 h6 23. Nxd6 hxg5 24. Qxf5 Qxe6 25. Qxe6+ Nxe6 26. Bd5 Kf8 27.
Ke2 Rh6 28. Bxe6 Rxe6 29. c7 1-0

[Event "9th NATO Chess Championship"]
[Site "Portsmouth"]
[Date "1998.10.08"]
[Round "6"]
[White "Geddis, Dick"]
[Black "Van Diermen, Henk"]
[Result "1-0"]
[WhiteElo "1885"]
[BlackElo "1760"]
[PlyCount "47"]
[EventDate "1998.10.??"]
[EventType "swiss"]
[EventRounds "7"]
[EventCountry "ENG"]
[SourceDate "2005.09.12"]

1. e4 c5 2. Nf3 d6 3. d4 cxd4 4. Nxd4 Nf6 5. Nc3 g6 6. Be3 Bg7 7. f3 O-O 8. Qd2
Nc6 9. Bc4 Bd7 10. Bb3 Rc8 11. O-O-O Na5 12. h4 Nc4 13. Bxc4 Rxc4 14. h5 Qc7
15. hxg6 fxg6 16. Nde2 Rc8 17. Bd4 b5 18. Bxf6 Bxf6 19. Qd5+ Kg7 20. Rxh7+ Kxh7
21. Qf7+ Kh6 22. Rh1+ Kg5 23. f4+ Kg4 24. Qxg6+ 1-0

[Event "9th NATO Chess Championship"]
[Site "Portsmouth"]
[Date "1998.10.08"]
[Round "6"]
[White "Hamann, Carsten"]
[Black "Cadiou, Jacques"]
[Result "1/2-1/2"]
[WhiteElo "2148"]
[BlackElo "1970"]
[PlyCount "58"]
[EventDate "1998.10.??"]
[EventType "swiss"]
[EventRounds "7"]
[EventCountry "ENG"]
[SourceDate "2005.09.12"]

1. e4 e5 2. Bc4 Nf6 3. d3 Bc5 4. Nc3 d6 5. Na4 b5 6. Bxb5+ c6 7. Nxc5 cxb5 8.
Nb3 d5 9. exd5 Qxd5 10. Qf3 Bb7 11. Qxd5 Nxd5 12. f3 Nc6 13. a3 Rc8 14. Ne2 Rc7
15. O-O O-O 16. Bd2 Bc8 17. Nc3 Nce7 18. Rfe1 f6 19. d4 Nxc3 20. bxc3 Nd5 21.
dxe5 fxe5 22. Rxe5 Nxc3 23. Rae1 Rd8 24. Re7 Rdd7 25. Re8+ Kf7 26. Rh8 Nd5 27.
Nd4 Rc4 28. c3 Nxc3 29. Bxc3 Rxc3 1/2-1/2

[Event "9th NATO Chess Championship"]
[Site "Portsmouth"]
[Date "1998.10.08"]
[Round "6"]
[White "Hater, David"]
[Black "Nielsen, K."]
[Result "1/2-1/2"]
[WhiteElo "2050"]
[BlackElo "1925"]
[PlyCount "32"]
[EventDate "1998.10.??"]
[EventType "swiss"]
[EventRounds "7"]
[EventCountry "ENG"]
[SourceDate "2005.09.12"]

1. e4 c6 2. d3 d5 3. Nd2 dxe4 4. dxe4 g6 5. Bc4 Bg7 6. Ngf3 Nf6 7. O-O O-O 8.
Qe2 Qc7 9. Bb3 Na6 10. h3 Nc5 11. Re1 e5 12. c3 b6 13. Bc2 Ba6 14. Nc4 Nh5 15.
b4 Ne6 16. g3 c5 1/2-1/2

[Event "9th NATO Chess Championship"]
[Site "Portsmouth"]
[Date "1998.10.08"]
[Round "6"]
[White "Hortillosa, Andres"]
[Black "Koopmeiners, Karl"]
[Result "1-0"]
[WhiteElo "1923"]
[BlackElo "1913"]
[PlyCount "55"]
[EventDate "1998.10.??"]
[EventType "swiss"]
[EventRounds "7"]
[EventCountry "ENG"]
[SourceDate "2005.09.12"]

1. d4 d5 2. Nf3 Nf6 3. Bg5 Ne4 4. Bc1 c5 5. e3 Bg4 6. Be2 e6 7. O-O Bd6 8. c4
cxd4 9. Qxd4 O-O 10. cxd5 exd5 11. b3 Re8 12. Bb2 Nf6 13. Nc3 Nc6 14. Qd2 Ne4
15. Qd1 Re6 16. g3 Rh6 17. Nxd5 Qd7 18. Nf4 g5 19. Qd5 gxf4 20. Qxe4 fxe3 21.
fxe3 Re8 22. Qd3 Bxf3 23. Rxf3 Qh3 24. Rf2 Bxg3 25. Rg2 Rg6 26. hxg3 Rxg3 27.
Bf3 Rd8 28. Qc3 1-0

[Event "9th NATO Chess Championship"]
[Site "Portsmouth"]
[Date "1998.10.08"]
[Round "6"]
[White "Kesmaecker, Philippe"]
[Black "Hammond, Andrew JC"]
[Result "0-1"]
[WhiteElo "2295"]
[BlackElo "2280"]
[PlyCount "68"]
[EventDate "1998.10.??"]
[EventType "swiss"]
[EventRounds "7"]
[EventCountry "ENG"]
[SourceDate "2005.09.12"]

1. d4 Nf6 2. Bg5 e6 3. e4 h6 4. Bxf6 Qxf6 5. Nf3 d6 6. Nc3 Nd7 7. Qd2 a6 8. Be2
Qd8 9. O-O Be7 10. Rad1 O-O 11. Qe3 c5 12. Rd2 Qc7 13. dxc5 Nxc5 14. Nd4 Bd7
15. Kh1 b5 16. b4 Nb7 17. Rfd1 d5 18. a3 Bg5 19. Qh3 Bxd2 20. Rxd2 Qf4 21. Nf3
Rac8 22. Nxd5 exd5 23. Qxd7 dxe4 24. g3 Qc7 25. Qxc7 Rxc7 26. Ne5 Re8 27. f4
exf3 28. Nxf3 Rc3 29. Ng1 Rd8 30. Bd3 Nd6 31. Kg2 Kf8 32. a4 bxa4 33. Bxa6 a3
34. Ne2 a2 0-1

[Event "9th NATO Chess Championship"]
[Site "Portsmouth"]
[Date "1998.10.08"]
[Round "6"]
[White "Ludden, Gert Jan"]
[Black "Grund"]
[Result "1/2-1/2"]
[WhiteElo "2224"]
[BlackElo "2345"]
[PlyCount "89"]
[EventDate "1998.10.??"]
[EventType "swiss"]
[EventRounds "7"]
[EventCountry "ENG"]
[SourceDate "2005.09.12"]

1. d4 d5 2. Nf3 Nf6 3. g3 c6 4. Bg2 Bf5 5. O-O e6 6. c4 Nbd7 7. b3 h6 8. Bb2 a5
9. Nbd2 a4 10. c5 Ne4 11. Nxe4 Bxe4 12. b4 Be7 13. Nd2 Bxg2 14. Kxg2 Bf6 15. f4
O-O 16. a3 g6 17. e3 Bg7 18. Rc1 Qb8 19. Qe2 Qa7 20. Rc2 Nf6 21. Bc3 Ne8 22. b5
Nc7 23. b6 Qa6 24. Qxa6 Nxa6 25. Nf3 Nb8 26. g4 Nd7 27. h4 Nf6 28. g5 Ne4 29.
Nd2 Nxd2 30. Bxd2 f6 31. gxf6 Bxf6 32. Be1 Kf7 33. Kh3 Rh8 34. Rg2 Rag8 35. Rb2
Be7 36. Rb4 Ra8 37. Kg4 Rhg8 38. Kf3 Bf6 39. Rb2 Rh8 40. Rg2 Rag8 41. Ke2 Ke7
42. Rfg1 Kf7 43. Bf2 Be7 44. Rg3 Bf6 45. Be1 1/2-1/2

[Event "9th NATO Chess Championship"]
[Site "Portsmouth"]
[Date "1998.10.08"]
[Round "6"]
[White "McAleer, Jeffrey"]
[Black "Brokenshire, Laurie"]
[Result "1/2-1/2"]
[WhiteElo "1900"]
[BlackElo "1800"]
[PlyCount "32"]
[EventDate "1998.10.??"]
[EventType "swiss"]
[EventRounds "7"]
[EventCountry "ENG"]
[SourceDate "2005.09.12"]

1. e4 d5 2. exd5 Qxd5 3. Nc3 Qa5 4. d4 Nf6 5. Nf3 Bg4 6. Bb5+ c6 7. Be2 e6 8.
O-O Bd6 9. h3 Bh5 10. Re1 Nbd7 11. Nd2 Bxe2 12. Qxe2 Bc7 13. Nc4 Qf5 14. Ne4
Nxe4 15. Qxe4 Qxe4 16. Rxe4 Nf6 1/2-1/2

[Event "9th NATO Chess Championship"]
[Site "Portsmouth"]
[Date "1998.10.08"]
[Round "6"]
[White "McInnes, Neil"]
[Black "Charles, Freddy"]
[Result "0-1"]
[WhiteElo "1789"]
[BlackElo "1887"]
[PlyCount "98"]
[EventDate "1998.10.??"]
[EventType "swiss"]
[EventRounds "7"]
[EventCountry "ENG"]
[SourceDate "2005.09.12"]

1. d4 d5 2. c4 c6 3. Nc3 e6 4. Nf3 dxc4 5. a4 Bb4 6. Bd2 b5 7. b3 Bxc3 8. Bxc3
Qd5 9. axb5 cxb5 10. Nd2 cxb3 11. e4 Qb7 12. Qxb3 Bd7 13. d5 Nf6 14. dxe6 fxe6
15. e5 Nd5 16. Ne4 O-O 17. Nc5 Qc7 18. Nxd7 Nxd7 19. Bxb5 Nxe5 20. Rc1 Qb6 21.
O-O Nd3 22. Bxg7 Nxf2 23. Qb2 Nd3+ 24. Bd4 Nxb2 25. Bxb6 Nxb6 26. Rc2 N2a4 27.
Rfc1 a6 28. Bc6 Rac8 29. Bxa4 Rxc2 30. Bxc2 Rc8 31. Kf2 Kg7 32. Kg3 Nd5 33. Ra1
Rxc2 34. Rxa6 Kf6 35. h3 Ne3 36. Kf3 Nxg2 37. Ra8 Nh4+ 38. Kg4 Rc4+ 39. Kg3
Nf5+ 40. Kf3 Rc3+ 41. Kg4 h5+ 42. Kxh5 Rxh3+ 43. Kg4 Rg3+ 44. Kf4 e5+ 45. Ke4
Re3+ 46. Kd5 Kg5 47. Ra4 Nd4 48. Ra8 Nf3 49. Rg8+ Kf4 0-1

[Event "9th NATO Chess Championship"]
[Site "Portsmouth"]
[Date "1998.10.08"]
[Round "6"]
[White "Messina"]
[Black "Dunlop, Chris"]
[Result "1/2-1/2"]
[WhiteElo "2090"]
[BlackElo "1952"]
[PlyCount "96"]
[EventDate "1998.10.??"]
[EventType "swiss"]
[EventRounds "7"]
[EventCountry "ENG"]
[SourceDate "2005.09.12"]

1. e4 c5 2. Ne2 Nc6 3. c4 g6 4. Nbc3 Bg7 5. g3 Nd4 6. Bg2 d6 7. O-O e6 8. d3
Ne7 9. f4 O-O 10. Be3 Nec6 11. Qd2 Rb8 12. Rab1 Qc7 13. g4 f5 14. gxf5 gxf5 15.
Ng3 Qf7 16. exf5 Nxf5 17. Nxf5 Qxf5 18. Be4 Qf7 19. Kh1 Kh8 20. Rf3 Nd4 21. Rg3
Bd7 22. Rbg1 Rg8 23. Bg6 Bc6+ 24. Ne4 hxg6 25. Rh3+ Bh6 26. f5 Nxf5 27. Bxh6
Qh7 28. Bg7+ Rxg7 29. Rxh7+ Kxh7 30. Rg4 Rf8 31. Kg1 Bxe4 32. dxe4 Nd4 33. Kg2
Rgf7 34. h4 e5 35. b3 b6 36. h5 gxh5 37. Rg5 Rg8 38. Rxg8 Kxg8 39. Qh6 Rg7+ 40.
Kf1 Rf7+ 41. Ke1 h4 42. Qg6+ Rg7 43. Qe8+ Kh7 44. Qh5+ Kg8 45. Qe8+ Kh7 46.
Qh5+ Kg8 47. Qe8+ Kh7 48. Qh5+ Kg8 1/2-1/2

[Event "9th NATO Chess Championship"]
[Site "Portsmouth"]
[Date "1998.10.08"]
[Round "6"]
[White "Nielsen, Finn"]
[Black "Molin, Fabio"]
[Result "1-0"]
[WhiteElo "1931"]
[BlackElo "1800"]
[PlyCount "53"]
[EventDate "1998.10.??"]
[EventType "swiss"]
[EventRounds "7"]
[EventCountry "ENG"]
[SourceDate "2005.09.12"]

1. d4 Nf6 2. c4 c5 3. d5 d6 4. Nc3 g6 5. e4 Bg7 6. Bd3 e5 7. Bg5 h6 8. Bd2 O-O
9. Nge2 Qe7 10. f3 Nh7 11. h4 f5 12. exf5 gxf5 13. Qc2 Na6 14. a3 Nf6 15. O-O-O
Nc7 16. Ng3 b5 17. Bxf5 bxc4 18. Bxc8 Rfxc8 19. Nf5 Qf8 20. g4 Kf7 21. g5 hxg5
22. hxg5 Ncxd5 23. Nxd5 Nxd5 24. Nxg7 c3 25. bxc3 Nxc3 26. Bxc3 Qxg7 27. Rh7
1-0

[Event "9th NATO Chess Championship"]
[Site "Portsmouth"]
[Date "1998.10.08"]
[Round "6"]
[White "Nielsen, Henrik"]
[Black "Costales, Charles"]
[Result "1/2-1/2"]
[WhiteElo "2095"]
[BlackElo "1890"]
[PlyCount "116"]
[EventDate "1998.10.??"]
[EventType "swiss"]
[EventRounds "7"]
[EventCountry "ENG"]
[SourceDate "2005.09.12"]

1. d4 Nf6 2. Bg5 d5 3. Nf3 c6 4. Nbd2 Qc7 5. Bxf6 exf6 6. e4 dxe4 7. Nxe4 Be6
8. Bd3 Be7 9. O-O Nd7 10. c4 Nb6 11. Qc2 Rc8 12. h3 O-O 13. Rfd1 g6 14. a3 Qf4
15. Qe2 Rfe8 16. Rac1 f5 17. Ng3 Bf6 18. Qd2 Qxd2 19. Rxd2 Rcd8 20. Bf1 h5 21.
b3 Bg7 22. Rcd1 Bh6 23. Rd3 f6 24. Ne2 Nxc4 25. bxc4 Bxc4 26. Nc3 Bxd3 27. Bxd3
Bf8 28. a4 Bb4 29. Ne2 Bd6 30. Kf1 Re7 31. Nd2 Kg7 32. Nc4 Bb8 33. Na5 Rd5 34.
Nb3 Rd8 35. Rb1 b6 36. a5 Bc7 37. Rc1 c5 38. Bc4 Bd6 39. d5 Rb8 40. Nc3 Be5 41.
axb6 axb6 42. Nb5 Ra8 43. d6 Rd7 44. Be6 Rdd8 45. Rd1 Ra4 46. Nc7 Kf8 47. Nxc5
bxc5 48. Bb3 Rb4 49. Ne6+ Ke8 50. Nxd8 Kxd8 51. Bf7 g5 52. Bxh5 Rd4 53. Rxd4
Bxd4 54. Bg6 Kd7 55. Bxf5+ Kxd6 56. Ke2 c4 57. Bc2 Ke5 58. g3 f5 1/2-1/2

[Event "9th NATO Chess Championship"]
[Site "Portsmouth"]
[Date "1998.10.08"]
[Round "6"]
[White "Nielsen, Jan Mose"]
[Black "Horchner, Mark"]
[Result "1/2-1/2"]
[WhiteElo "2065"]
[BlackElo "2022"]
[PlyCount "40"]
[EventDate "1998.10.??"]
[EventType "swiss"]
[EventRounds "7"]
[EventCountry "ENG"]
[SourceDate "2005.09.12"]

1. d4 Nf6 2. Bg5 e6 3. c3 b6 4. Nd2 Bb7 5. Ngf3 h6 6. Bxf6 Qxf6 7. g3 c5 8. Bg2
cxd4 9. cxd4 Bb4 10. O-O O-O 11. a3 Bxd2 12. Qxd2 d6 13. Rac1 Nc6 14. Rc3 d5
15. Rfc1 Rac8 16. e3 Qe7 17. Ne1 Na5 18. Rxc8 Rxc8 19. Rxc8+ Bxc8 20. Qc3 Qd7
1/2-1/2

[Event "9th NATO Chess Championship"]
[Site "Portsmouth"]
[Date "1998.10.08"]
[Round "6"]
[White "Nielsen, Niels Kristian"]
[Black "Kruml, (VS)."]
[Result "0-1"]
[WhiteElo "1899"]
[BlackElo "2116"]
[PlyCount "46"]
[EventDate "1998.10.??"]
[EventType "swiss"]
[EventRounds "7"]
[EventCountry "ENG"]
[SourceDate "2005.09.12"]

1. d4 d6 2. c4 Nf6 3. Nc3 e5 4. d5 Nbd7 5. e4 Be7 6. Nf3 O-O 7. Qc2 c6 8. Be2
a6 9. O-O Re8 10. Be3 Nf8 11. b4 cxd5 12. Nxd5 Nxd5 13. exd5 Bg4 14. Rac1 Rc8
15. Qb3 f5 16. Rfd1 f4 17. Bd2 Bf6 18. c5 e4 19. Nd4 Bxd4 20. Bxg4 Qh4 21. Bxc8
Qxf2+ 22. Kh1 Rxc8 23. Be1 Qf1# 0-1

[Event "9th NATO Chess Championship"]
[Site "Portsmouth"]
[Date "1998.10.08"]
[Round "6"]
[White "Schmidt, (DEN)."]
[Black "Maxia, Giuseppe"]
[Result "0-1"]
[WhiteElo "2043"]
[BlackElo "1900"]
[PlyCount "58"]
[EventDate "1998.10.??"]
[EventType "swiss"]
[EventRounds "7"]
[EventCountry "ENG"]
[SourceDate "2005.09.12"]

1. e4 c5 2. Nf3 Nc6 3. d4 cxd4 4. Nxd4 e6 5. Be3 Nf6 6. Bd3 a6 7. O-O Qc7 8.
Nc3 b5 9. a3 Bb7 10. Nb3 Ne5 11. f4 Nc4 12. Bxc4 bxc4 13. Nd2 h5 14. Qe2 Rc8
15. Kh1 h4 16. Bd4 Nh5 17. Qe3 Bd6 18. e5 Be7 19. f5 exf5 20. Rxf5 Qc6 21. Nde4
Qg6 22. Qf3 Ng3+ 23. hxg3 hxg3+ 24. Kg1 Qh6 25. Kf1 Qh1+ 26. Bg1 Bc5 27. Nd6+
Kf8 28. Qxb7 Qxg1+ 29. Ke2 Qe3+ 0-1

[Event "9th NATO Chess Championship"]
[Site "Portsmouth"]
[Date "1998.10.08"]
[Round "6"]
[White "Schunke, (GER)."]
[Black "Falbo, Sandro"]
[Result "1/2-1/2"]
[WhiteElo "2035"]
[BlackElo "2100"]
[PlyCount "33"]
[EventDate "1998.10.??"]
[EventType "swiss"]
[EventRounds "7"]
[EventCountry "ENG"]
[SourceDate "2005.09.12"]

1. d4 Nf6 2. Nc3 d5 3. e4 dxe4 4. f3 exf3 5. Nxf3 Bg4 6. Bc4 e6 7. O-O Be7 8.
Be3 Nbd7 9. Qe1 Nb6 10. Bd3 Bh5 11. Kh1 Bg6 12. Ne5 Bxd3 13. Nxd3 Nbd5 14. Bg1
c6 15. Nd1 b5 16. Ne5 Qb6 17. Qg3 1/2-1/2

[Event "9th NATO Chess Championship"]
[Site "Portsmouth"]
[Date "1998.10.08"]
[Round "6"]
[White "Tia, Rudy G"]
[Black "De Cat, Ben"]
[Result "1-0"]
[WhiteElo "2055"]
[BlackElo "2075"]
[PlyCount "93"]
[EventDate "1998.10.??"]
[EventType "swiss"]
[EventRounds "7"]
[EventCountry "ENG"]
[SourceDate "2005.09.12"]

1. Nf3 b5 2. g3 Bb7 3. Bg2 f5 4. O-O Nf6 5. d3 e6 6. Nbd2 Be7 7. Re1 O-O 8. e4
fxe4 9. dxe4 c5 10. e5 Nd5 11. c4 Nb4 12. cxb5 a6 13. b6 Bd5 14. b7 Ra7 15. b3
Qb6 16. a3 Nd3 17. Nc4 Bxc4 18. bxc4 Nxe1 19. Qxe1 Rxb7 20. Bg5 Qd8 21. Qe4 Nc6
22. h4 Rb2 23. Rd1 h6 24. Bxh6 Qe8 25. Bc1 Rb7 26. Bf1 Qh5 27. Bf4 Nd4 28. Rxd4
cxd4 29. Qxb7 Bxa3 30. Nxd4 Qg6 31. Qf3 Bc5 32. Bd3 Qf7 33. Qe4 g6 34. Nb3 Be7
35. Qxg6+ Qxg6 36. Bxg6 Bxh4 37. Bh6 Rf3 38. Nd2 Rc3 39. gxh4 a5 40. h5 a4 41.
Ne4 Rxc4 42. Nf6+ Kh8 43. Bf8 a3 44. h6 Rg4+ 45. Nxg4 a2 46. Bg7+ Kg8 47. Nf6#
1-0

[Event "9th NATO Chess Championship"]
[Site "Portsmouth"]
[Date "1998.10.08"]
[Round "6"]
[White "Toumaniantz, Rouslan"]
[Black "Steffers, Hendrik"]
[Result "1-0"]
[WhiteElo "2090"]
[BlackElo "1864"]
[PlyCount "135"]
[EventDate "1998.10.??"]
[EventType "swiss"]
[EventRounds "7"]
[EventCountry "ENG"]
[SourceDate "2005.09.12"]

1. e4 c5 2. Nf3 e6 3. c3 Nf6 4. e5 Nd5 5. d4 cxd4 6. cxd4 Nc6 7. Bc4 Nb6 8. Bb3
d5 9. O-O Be7 10. Nc3 a6 11. a3 Bd7 12. Bc2 Rc8 13. Qd3 Na7 14. a4 Nc6 15. Na2
Qc7 16. Ne1 Nb4 17. Nxb4 Bxb4 18. Qg3 g6 19. Bb3 Nc4 20. h4 Na5 21. Bd1 Qc4 22.
Nc2 Be7 23. Bd2 Qc7 24. h5 Nc4 25. Bc1 b5 26. b3 Na5 27. Bd2 bxa4 28. bxa4 Nc4
29. Bg5 Qd8 30. Bh6 Rg8 31. Ne1 g5 32. Qd3 Bc6 33. Qxh7 Kd7 34. Qxf7 Qe8 35.
Qxe8+ Rcxe8 36. Nd3 Nd2 37. Re1 Ne4 38. f4 Ng3 39. fxg5 Bxg5 40. Nc5+ Ke7 41.
Bxg5+ Rxg5 42. Nxa6 Nf5 43. Nb4 Nxd4 44. Rc1 Bd7 45. g4 Reg8 46. Kf2 Rf8+ 47.
Kg3 Rh8 48. Kh3 Rf8 49. Kh4 Rfg8 50. a5 Nb3 51. Rc7 Nxa5 52. Nxd5+ exd5 53. e6
Kd6 54. Rxd7+ Kc5 55. Rf7 Nc4 56. e7 Nd6 57. e8=Q Rxe8 58. Rxe8 Nxe8 59. Re7
Rg8 60. h6 Rh8 61. Rxe8 Rxe8 62. Bc2 Kd6 63. h7 Rf8 64. Kg5 Re8 65. Bg6 Rh8 66.
Kh6 Rf8 67. g5 d4 68. Bd3 1-0

[Event "9th NATO Chess Championship"]
[Site "Portsmouth"]
[Date "1998.10.08"]
[Round "6"]
[White "Van Zandwijk, Jan Peter"]
[Black "Zill, Christoph"]
[Result "1/2-1/2"]
[WhiteElo "2048"]
[BlackElo "2194"]
[PlyCount "47"]
[EventDate "1998.10.??"]
[EventType "swiss"]
[EventRounds "7"]
[EventCountry "ENG"]
[SourceDate "2005.09.12"]

1. e4 c5 2. Nf3 Nc6 3. Bb5 g6 4. O-O Bg7 5. c3 e5 6. d4 cxd4 7. cxd4 Nxd4 8.
Nxd4 exd4 9. f4 Ne7 10. f5 Qb6 11. f6 Bxf6 12. Qf3 Be5 13. Qxf7+ Kd8 14. Bg5
Re8 15. Na3 a6 16. Rac1 Qe6 17. Qxe6 dxe6 18. Bxe8 Kxe8 19. Bh6 b5 20. Rf8+ Kd7
21. Nb1 Bb7 22. Rxa8 Bxa8 23. Nd2 Ng8 24. Bg5 1/2-1/2

[Event "9th NATO Chess Championship"]
[Site "Portsmouth"]
[Date "1998.10.08"]
[Round "6"]
[White "Vercauteren, Daniel"]
[Black "Toll, Alec J"]
[Result "0-1"]
[WhiteElo "1690"]
[BlackElo "2100"]
[PlyCount "70"]
[EventDate "1998.10.??"]
[EventType "swiss"]
[EventRounds "7"]
[EventCountry "ENG"]
[SourceDate "2005.09.12"]

1. e4 c6 2. d4 d5 3. e5 Bf5 4. Bd3 Bxd3 5. Qxd3 e6 6. Nf3 Qb6 7. O-O Nd7 8. c3
h6 9. b4 a5 10. bxa5 Rxa5 11. Nbd2 Qa7 12. Qc2 b5 13. Nb3 Ra4 14. Re1 Ne7 15.
Re2 Nc8 16. g4 c5 17. h3 c4 18. Nbd2 Ne7 19. Nf1 Nc6 20. Ng3 Be7 21. Kg2 b4 22.
Rb1 bxc3 23. Qxc3 O-O 24. g5 hxg5 25. Bxg5 Bxg5 26. Nxg5 Ra8 27. Qf3 Nf8 28.
Reb2 Ng6 29. Kg1 Ra3 30. Qh5 Rxg3+ 31. fxg3 Qxd4+ 32. Kg2 Qxe5 33. Qh7+ Kf8 34.
Rf2 Qxg5 35. Rbf1 Nce5 $138 0-1

[Event "9th NATO Chess Championship"]
[Site "Portsmouth"]
[Date "1998.10.09"]
[Round "7.1"]
[White "Hammond, Andrew JC"]
[Black "Gross"]
[Result "0-1"]
[WhiteElo "2280"]
[BlackElo "2340"]
[PlyCount "42"]
[EventDate "1998.10.??"]
[EventType "swiss"]
[EventRounds "7"]
[EventCountry "ENG"]
[SourceDate "2005.09.12"]

1. d4 Nf6 2. c4 e6 3. Nc3 Bb4 4. Qc2 O-O 5. Nf3 c5 6. dxc5 Na6 7. a3 Bxc3+ 8.
Qxc3 Nxc5 9. b4 Nce4 10. Qd4 b6 11. e3 d6 12. Be2 e5 13. Qb2 Be6 14. Bd2 Rc8
15. Rc1 Rc7 16. O-O Qc8 17. Rc2 Bxc4 18. Rfc1 b5 19. a4 Nd5 20. Bxc4 bxc4 21.
Ne1 c3 0-1

[Event "9th NATO Chess Championship"]
[Site "Portsmouth"]
[Date "1998.10.09"]
[Round "7.2"]
[White "Wantiez, Fabrice"]
[Black "Ludden, Gert Jan"]
[Result "0-1"]
[WhiteElo "2299"]
[BlackElo "2224"]
[PlyCount "142"]
[EventDate "1998.10.??"]
[EventType "swiss"]
[EventRounds "7"]
[EventCountry "ENG"]
[SourceDate "2005.09.12"]

1. e4 c6 2. d4 d5 3. Nc3 g6 4. Nf3 Bg7 5. exd5 cxd5 6. Be2 Nf6 7. Ne5 O-O 8.
O-O Nc6 9. Be3 e6 10. f4 Nd7 11. Bf3 Nb6 12. b3 f6 13. Nxc6 bxc6 14. Ne2 Ba6
15. Re1 Qd6 16. Bf2 Rae8 17. Nc1 Qxf4 18. Bg3 Qg5 19. c4 f5 20. Ne2 Qd8 21. c5
Bxe2 22. Bxe2 f4 23. Bf2 Nd7 24. b4 e5 25. b5 e4 26. bxc6 Nxc5 27. Rc1 Ne6 28.
Bg4 e3 29. Bxe6+ Rxe6 30. Kh1 Qc8 31. Bh4 Rxc6 32. Rxc6 Qxc6 33. Be7 Re8 34.
Bc5 a6 35. Qf3 Re4 36. g3 g5 37. Rb1 e2 38. Re1 Qe6 39. Qb3 Re3 40. Qb8+ Qe8
41. Qxe8+ Rxe8 42. gxf4 gxf4 43. Kg2 Re3 44. Kf2 Rh3 45. Kxe2 Kf7 46. Rb1 Rxh2+
47. Kf3 Rxa2 48. Rb7+ Kg6 49. Rb6+ Kf5 50. Rb7 Bxd4 51. Bxd4 Ra3+ 52. Kg2 Ke4
53. Bf2 h5 54. Re7+ Kf5 55. Bd4 Rd3 56. Re5+ Kg4 57. Rxd5 Rd2+ 58. Kg1 h4 59.
Rd8 Kf3 60. Kh1 a5 61. Ra8 Rxd4 62. Rxa5 Ke3 63. Ra1 f3 64. Kg1 h3 65. Re1+ Kf4
66. Re8 Rd1+ 67. Kh2 f2 68. Rf8+ Ke3 69. Re8+ Kd2 70. Rd8+ Kc2 71. Rc8+ Kb3 0-1